000 00787nam a2200241Ia 4500
003 OSt
005 20220923211034.0
006 a|||||r|||| 00| 0
007 ta
008 Pun
020 _a817143374X (hbk)
_c140
024 _a243,321
037 _b200, 08/10/2010, H.K. Prakashan
_cTextual
040 _aARTS
_cARTS
_bPun
041 _2Pun
_aPun
082 _aQ8441:33:g, 153P4
100 _aਮਨਜਿੰਦਰ ਸਿੰਘ
_9156275
245 0 _aਸਿਧ ਗੋਸਟਿ
_b ਸਰੂਪ ਤੇ ਸੰਚਾਰ
260 _aਅੰਮ੍ਰਿਤਸਰ
_b ਰਵੀ ਸਾਹਿਤ
_c2004
300 _a136ਪੰ
_ccm.
942 _hQ8441:33:g, 153P4
_cTEXL
_2CC
999 _c294329
_d294329